| 000 | 00918cam a22003133a 4500 | ||
|---|---|---|---|
| 001 | 16405726 | ||
| 003 | LC | ||
| 005 | 20160222122937.0 | ||
| 008 | 961114s1996 nyu 000 1 eng d | ||
| 010 | _a 97809724 | ||
| 020 |
_a9780553576146 _c$7.50 |
||
| 035 | _a(OCoLC)ocm35915429 | ||
| 040 |
_aIF9 _cIF9 _dSLC _dOCL _dDLC |
||
| 043 | _anwjm--- | ||
| 050 | 0 | 0 |
_aPZ 4 _b.L945 1974 |
| 082 |
_aFIC _bL96c 1996 |
||
| 100 | 1 |
_aLudlum, Robert, _d1927- _919885 |
|
| 245 | 1 | 4 |
_aThe cry of the halidon _cRobert Ludlum |
| 260 |
_aNew York : _bBantam, _cc1974. |
||
| 300 |
_a430 p. : _c18 cm. |
||
| 562 | _e1 | ||
| 650 |
_aSuspense stories _xfiction _920098 |
||
| 651 | 0 |
_aJamaica _vFiction. _919887 |
|
| 655 | 7 |
_aSuspense fiction. _2gsafd _96032 |
|
| 710 | 2 |
_aCopyright Paperback Collection (Library of Congress) _5DLC _9705 |
|
| 906 |
_a7 _bcbc _ccopycat _d2 _encip _f19 _gy-genrareb |
||
| 942 |
_2lcc _cBK |
||
| 999 |
_c11344 _d11344 |
||